| 000 | 00942nam a2200217Ia 4500 | ||
|---|---|---|---|
| 999 |
_c36678 _d36678 |
||
| 001 | 2605 | ||
| 003 | GE_BSU | ||
| 005 | 20210225145118.0 | ||
| 008 | 181216s2002||||ge |||||||||||||| ||geo|| | ||
| 040 | _cGE_BSU | ||
| 041 | _ageo | ||
| 080 | _a638.14.06+638.16 მ–42 | ||
| 100 |
_aმაძღარაშვილი, გიორგი _910237 |
||
| 245 |
_aფუტკრის პროდუქტები და არატრადიციული საკვები / _cგიორგი მაძღარაშვილი; [რედ.: ი. შუბითიძე ; მხატვ.: ვ. ხმალაძე]. |
||
| 264 |
_aთბილისი, _c2002. |
||
| 300 |
_a348 გვ. _b20სმ. |
||
| 653 | _aმეფუტკრეობა | ||
| 653 | _aფუტკრის პროდუქტები | ||
| 700 |
_aშუბითიძე, ი. _eრედაქტორი _910238 |
||
| 942 |
_cBK _2udc |
||